000 00446nmm a2200157Ia 4500
008 251105s9999||||xx |||||||||||||||||und||
020 _a9789580614265
041 _aspa
100 _aMaya Sierra, Maureén
245 0 _aYo, Claudia: Biografía no autorizada
264 _a[Bogotá, Colombia] :
_bOveja Negra,
_c2019
300 _a121 páginas
650 _aBiography
856 _uhttps://public.digitaliapublishing.com/a/63900
942 _cCF
999 _c95058
_d95058